Communication Acoustics (Record no. 4326)

MARC details
005 - DATE AND TIME OF LATEST TRANSACTION
control field 20250623063659.0
020 ## - INTERNATIONAL STANDARD BOOK NUMBER
International Standard Book Number 978-81-8128-894-3
082 ## - DEWEY DECIMAL CLASSIFICATION NUMBER
Classification number LM 729 COM
245 ## - TITLE STATEMENT
Title Communication Acoustics
260 ## - PUBLICATION, DISTRIBUTION, ETC.
Place of publication, distribution, etc. New York,
Name of publisher, distributor, etc. Springer,
Date of publication, distribution, etc. 2005.
300 ## - PHYSICAL DESCRIPTION
Extent xiv, 379p.: ill.; figure, picture, table.
Other physical details Index, references.
Dimensions 23cm.
700 ## - ADDED ENTRY--PERSONAL NAME
Other authors/Editors BLAUERT, J.
856 ## - ELECTRONIC LOCATION AND ACCESS
Link text Access online book
Electronic name Communication Acoustics
Path www.Springer.com
942 ## - ADDED ENTRY ELEMENTS (KOHA)
Source of classification or shelving scheme Dewey Decimal Classification
Koha item type Books
Holdings
Date last seen Total checkouts Full call number Barcode Cost, replacement price Price effective from Koha item type Lost status Source of classification or shelving scheme Damaged status Not for loan Withdrawn status Home library Current library Shelving location Date acquired Cost, normal purchase price
06/18/2025   LM 729 COM 00000010948 115275.00 06/18/2025 Books   Dewey Decimal Classification       College of Business Education Main Library College of Business Education Main Library General Collection 08/04/2011 38424.00